00493nam a2200181Ia 4500008004100000082001600041100001300057100001700070245004400087260002600131365000600157600001300163600001700176630004400193700001300237700001700250730004400267110201s9999 xx 000 0 und d bB8046aA 49 aGopal M. aNagrath I.J. aControlSysteems Emgineeing 2 nd adition bwiley eastern limited b0 aGopal M. aNagrath I.J. aControlSysteems Emgineeing 2 nd adition aGopal M. aNagrath I.J. aControlSysteems Emgineeing 2 nd adition